| 000 | 03270nam a22002297a 4500 | ||
|---|---|---|---|
| 001 | EIF-X-2019-M3-011 | ||
| 003 | OSt | ||
| 005 | 20221230092951.0 | ||
| 008 | 221230b |||||||| |||| 00| 0 eng d | ||
| 040 |
_aFundación Jesús Pereda _cFundación Jesús Pereda |
||
| 041 | _aCastellano | ||
| 100 |
_uUniversitat de València _aSancho Lluna, Juan Luis _91051 |
||
| 111 |
_aEncuentro de Investigadores del Franquismo _c(Valencia. _d2019. _n10º) _9102 |
||
| 245 |
_aEl exilio interior: _brepublicanismo y reaccionarismo en Manuel Cervera Pomer (1915-1998) _c/Juan Luis Sancho Lluna |
||
| 520 | _aEl archivo personal de Manuel Cervera Pomer, –un ciudadano anónimo cuya vida careció de trascendencia pública– y del que es fruto el presente trabajo, ha resultado de gran valor historiográfico para este investigador como fuente primaria de cara a historiar la vida de todos aquellos que vivieron el franquismo en silencio, en un auténtico «exilio interior». A Cervera Pomer se lo debo; in memoriam. Y a su familia, con especial gratitud a su hijo José Manuel. Y es que la reconstrucción de la vida de Cervera Pomer, a través de su archivo personal, nos ha permitido conocer, en su fuero íntimo, sus impresiones más personales, hecho que nos ha ayudado a comprender el proceso de adaptación al medio social del personaje, y en su conjunto, de todos aquellos que no fueron represaliados pero que, por su experiencia vital en la República y por la tradición política a la que pertenecieron, nunca se sintieron parte de los vencedores. Son los que detestaron el franquismo en silencio y vivieron la dictadura en su propio «exilio interior». Y es que en los escritos y artículos de Manuel Cervera Pomer palpita el miedo, la amargura y la frustración de un hombre a quien le fue arrebata la libertad, la condición de ciudadano y la posibilidad de sentirse dueño de su propio destino. La vida de Manuel Cervera Pomer fue el resultado de la sociedad y el tiempo que le tocó vivir. Su biografía personal no pudo sustraerse a la derrota de la Segunda República y a larga dictadura del general Franco. De familia de tradición republicana, Cervera Pomer despertó a la vida con la Segunda República. Vivió la República con pasión e intensidad, y con gran amargura su derrota; padeció en su «exilio interior» los cuarenta años de dictadura; y llegado el ocaso de su vida, vivió la transición con profunda desazón y nostalgia. La República fue su esperanza frustrada; la transición su peor desengaño. A lo largo de las siguientes líneas, con Manuel Cervera Pomer vamos a dar nombre a todos aquellos que vivieron la larga posguerra. Escribir la biografía de Cervera Pomer es nombrar a cada uno de ellos. Y en este sentido, la figura de Manuel Cervera Pomer nos ofrece la oportunidad de aproximarnos a toda esa generación perdida, traumatizada por la guerra civil y una posguerra de miedo, represión y hambre. | ||
| 600 | 0 |
_91052 _aCervera Pomer, Manuel |
|
| 650 | 0 |
_9993 _aBiografías |
|
| 650 | 0 |
_9818 _aHistoriografía |
|
| 773 |
_tActas del X Encuentro de Investigadores del Franquismo _g417-432 p. |
||
| 856 | _uhttps://bibliotecaccoocyl.fundacionjesuspereda.es/cgi-bin/koha/opac-retrieve-file.pl?id=9a91a982758f02efce5efdc5fcd1014c | ||
| 942 |
_2ddc _cCF _n0 |
||
| 999 |
_c627 _d627 |
||